000 00358pab a2200145 454500
008 180718b1997 xxu||||| |||| 00| 0 eng d
100 _aTulpule, Bagaram
245 _aILO initiative on contract labour
260 _c1997
300 _ap.L21-L22
362 _a30 Aug
650 _aLabour market
773 _aEconomic and Political Weekly
909 _a35418
999 _c35418
_d35418